Un caso entre mil o La prensa y la dictadura : (Record no. 41506)
[ view plain ]
| 000 -LEADER | |
|---|---|
| campo de control de longitud fija | 01689nam a2200313 i 4500 |
| 001 - NÚMERO DE CONTROL | |
| campo de control | 41506 |
| 003 - IDENTIFICADOR DE NÚMERO DE CONTROL | |
| campo de control | ES-MaACL |
| 005 - FECHA Y HORA DE LA ÚLTIMA TRANSACCIÓN | |
| campo de control | 20250702060043.0 |
| 007 - CAMPO FIJO DE DESCRIPCIÓN FÍSICA--INFORMACIÓN GENERAL | |
| campo de control de longitud fija | t| |
| 008 - DATOS DE LONGITUD FIJA--INFORMACIÓN GENERAL | |
| campo de control de longitud fija | 030311s1876 sp ||||1| spa d |
| 080 ## - NÚMERO DE LA CLASIFICACIÓN DECIMAL UNIVERSAL | |
| Número de la Clasificación Decimal Universal | 342.732(460)"18" |
| 080 ## - NÚMERO DE LA CLASIFICACIÓN DECIMAL UNIVERSAL | |
| Número de la Clasificación Decimal Universal | 351.751(460)"18" |
| 080 ## - NÚMERO DE LA CLASIFICACIÓN DECIMAL UNIVERSAL | |
| Número de la Clasificación Decimal Universal | 343.349(460)"18" |
| 100 1# - ENTRADA PRINCIPAL--NOMBRE DE PERSONA | |
| Nombre de persona | Salmerón y Alonso, Nicolás, |
| Fechas asociadas al nombre | 1838-1908 |
| 9 (RLIN) | 101996 |
| 245 13 - MENCIÓN DEL TÍTULO | |
| Título | Un caso entre mil o La prensa y la dictadura : |
| Resto del título | datos interesantes para la historia de España en el año de gracia de 1876 / |
| Mención de responsabilidad, etc. | por un periodista viejo. |
| 260 ## - PUBLICACIÓN, DISTRIBUCIÓN, ETC. | |
| Lugar de publicación, distribución, etc. | Madrid : |
| Nombre del editor, distribuidor, etc. | [s.n.], |
| Fecha de publicación, distribución, etc. | 1876 ( |
| Fabricante | Imp. de "El Solfeo", a cargo de A. Iniesta) |
| 300 ## - DESCRIPCIÓN FÍSICA | |
| Extensión | 210 p. ; |
| Dimensiones | 16 cm. |
| 505 8# - NOTA DE CONTENIDO CON FORMATO | |
| Nota de contenido con formato | Contiene: Introducción. Un caso entre mil . Decreto sobre imprenta . Circular sobre aplicación del decreto . Discurso pronunciado el día 27 de mayo de 1876, ante el Tribunal de imprenta de la Audiencia de Madrid y en defensa del periódico El Solfeo / por Don Nicolás Salmerón . Sentencia . Discurso pronunciado el día 2 de junio de 1876, ante el Tribunal de imprenta de la Audiencia de Madrid y en defensa del periódico El Solfeo / por D. Francisco Pi y Margall . Sentencia |
| 530 ## - NOTA DISPONIBLE DE FORMULARIO FÍSICO ADICIONAL | |
| Nota de formato físico adicional disponible | Disponible en formato digital. |
| 650 #4 - PUNTO DE ACCESO ADICIONAL DE MATERIA--TÉRMINO DE MATERIA | |
| Término de materia o nombre geográfico como elemento de entrada | Libertad de prensa- |
| Subdivisión geográfica | España- |
| Subdivisión cronológica | S.XIX. |
| 9 (RLIN) | 14415 |
| 650 #4 - PUNTO DE ACCESO ADICIONAL DE MATERIA--TÉRMINO DE MATERIA | |
| Término de materia o nombre geográfico como elemento de entrada | Prensa- |
| Subdivisión general | Derecho- |
| Subdivisión geográfica | España. |
| 9 (RLIN) | 171694 |
| 650 #4 - PUNTO DE ACCESO ADICIONAL DE MATERIA--TÉRMINO DE MATERIA | |
| Término de materia o nombre geográfico como elemento de entrada | Prensa y política- |
| Subdivisión geográfica | España- |
| Subdivisión cronológica | S.XIX. |
| 9 (RLIN) | 143587 |
| 700 1# - ENTRADA AGREGADA--NOMBRE PERSONAL | |
| Nombre de persona | Pi y Margall, Francisco, |
| Fechas asociadas al nombre | 1824-1901 |
| 9 (RLIN) | 91732 |
| 740 32 - ENTRADA AGREGADA--TÍTULO RELACIONADO/ANALÍTICO NO CONTROLADO | |
| Título relacionado o analítico no controlado | La prensa y la dictadura. |
| 852 ## - LOCALIZACIÓN | |
| Ubicación | ES-MaACL |
| Número de control de estantería | Armario18 |
| Signatura antigua | Olim: F-10120 |
| 856 ## - LOCALIZACIÓN Y ACCESO ELECTRÓNICOS | |
| Identificador Uniforme de Recursos | <a href="https://archive.org/details/uncasoentremill00unkngoog/page/n3/mode/2up">https://archive.org/details/uncasoentremill00unkngoog/page/n3/mode/2up</a> |
| Nota pública | Internet Archive |
| 942 ## - ELEMENTOS DE ENTRADA SECUNDARIOS (KOHA) | |
| Fuente del sistema de clasificación o colocación | Clasificación decimal universal |
| Estatus retirado | Estado de pérdida | Fuente del sistema de clasificación o colocación | Estado de daño | No para préstamo | Colección | Biblioteca de origen | Biblioteca actual | Ubicación en estantería | Fecha de adquisición | Total de préstamos | Signatura topográfica completa | Código de barras | Visto por última vez | Precio de reemplazo | Tipo de ítem Koha | Nota pública |
|---|---|---|---|---|---|---|---|---|---|---|---|---|---|---|---|---|
| Clasificación decimal universal | Libros con dedicatorias | Biblioteca del Ateneo de Madrid | Biblioteca del Ateneo de Madrid | Depósito | 17/01/2008 | Armario 18 | 1043694 | 23/02/2023 | 23/02/2023 | Libro impreso antiguo | Dedicatoria autógrafa de "El periodista viejo" |
